00578nam a2200193Ia 4500001001000000003000500010008004100015010001100056040000900067082001600076100002900092245014100121250000600262260003700268300001100305650002700316650002100343650002000364Para_2175CHAP220125s1998 xx 000 0 und d a198760 cCHAP aPA 633.5 L8 aLuna Hernandez, Gregorio aHacia un manejo integrado de plagas :b Fundamentos y recomendaciones prácticas :b Agave tequilana /c por Gregorio Luna Hernández a1 aGuadalajara, Jal. :b Cheminova a184 p. aAgave x enfermedades  aAgave x plagas  aAgave tequilana